00774nam a2200193 a 450000100100000000500170001000800410002704000250006808200130009310000280010624500680013426000720020230000230027449000600029759000250035783000670038295201140044999900170056300002459720200930023246.0090918s1996 bo 000 0 spa d aDO-SdBNPbspacBNPHU axxxxxxxx1 aPiña, Nelly C.95043710aCómo hacer un proyecto de investigación /cNelly C. Piña. aLa paz, Bolivia :bOrganización Panamericana de la Salud ,c1996. a150 p. : ;c26 cm.1 aIntroducción a la metodología de la investigación aInventariado,2018/DG 0aIntroducción a la metodología de la investigación950438 0010507-18MOaGRbGRcOId2011-06-06iLF1l0oxxxxxxxx p24597-30r2020-06-25w2020-06-25y1ZNo se presta c24090d24090